000 00996cam a2200181 4500
001 L119975
008 021002n2002 000 0 eng u
035 _a(Sirsi) u119975
245 _aAero Properties Ltd v Citycrest Properties Ltd
260 _c2002
490 _aProperty, Planning and Compensation Reports
_v[2002] 2 P&CR 305-312(8)
520 _aChD 6 February 2002. Sale of properties free from charges on the charges register. National Conditions of Sale, 20 ed applied. Date for completion passed. Vendors served notices to complete. Whether notices valid. Certain charge certificates not in possession of vendors although whereabouts known. Whether vendors ready and will to complete within Natinal Condition 22. Whether purchaser forfeited deposits. (Taken from Journal headnote)
650 _aAERO PROPERTIES V CITYCREST PROPERTIES LTD
650 _aCONVEYANCING
650 _aNATIONAL CONDITIONS OF SALE
690 _aPROPERTY LAW AND PRACTICE-CASE LAW
942 _n0
999 _c71291
_d71291